<?xml version="1.0" encoding="UTF-8"?>
<record
    xmlns:xsi="http://www.w3.org/2001/XMLSchema-instance"
    xsi:schemaLocation="http://www.loc.gov/MARC21/slim http://www.loc.gov/standards/marcxml/schema/MARC21slim.xsd"
    xmlns="http://www.loc.gov/MARC21/slim">

  <leader>01098nam0a2200301   4500</leader>
  <controlfield tag="001">RU\NLR\bibl\1316452</controlfield>
  <controlfield tag="005">20250615155501.0</controlfield>
  <datafield tag="010" ind1=" " ind2=" ">
    <subfield code="a">978-5-389-00335-4</subfield>
    <subfield code="9">50000</subfield>
  </datafield>
  <datafield tag="021" ind1=" " ind2=" ">
    <subfield code="a">RU</subfield>
    <subfield code="b">2008-91216</subfield>
    <subfield code="9">5332</subfield>
  </datafield>
  <datafield tag="035" ind1=" " ind2=" ">
    <subfield code="a">(NLR Aleph) 001301832</subfield>
  </datafield>
  <datafield tag="090" ind1=" " ind2=" ">
    <subfield code="a">624232</subfield>
    <subfield code="c">624232</subfield>
  </datafield>
  <datafield tag="100" ind1=" " ind2=" ">
    <subfield code="a">20090116d2008    |||y0rusy50      ca</subfield>
  </datafield>
  <datafield tag="101" ind1="0" ind2=" ">
    <subfield code="a">rus</subfield>
  </datafield>
  <datafield tag="102" ind1=" " ind2=" ">
    <subfield code="a">RU</subfield>
  </datafield>
  <datafield tag="105" ind1=" " ind2=" ">
    <subfield code="a">y   |||||||||</subfield>
  </datafield>
  <datafield tag="200" ind1="1" ind2=" ">
    <subfield code="a">&#x414;&#x43E;&#x43C;&#x43E;&#x432;&#x43E;&#x439;</subfield>
    <subfield code="e">[&#x440;&#x43E;&#x43C;&#x430;&#x43D;-&#x43F;&#x440;&#x43E;&#x442;&#x43E;&#x442;&#x438;&#x43F; &#x43A;&#x443;&#x43B;&#x44C;&#x442;&#x43E;&#x432;&#x43E;&#x433;&#x43E; &#x444;&#x438;&#x43B;&#x44C;&#x43C;&#x430;]</subfield>
    <subfield code="f">&#x410;&#x43D;&#x442;&#x43E;&#x43D; &#x41F;&#x440;&#x430;&#x447;&#x435;&#x43D;&#x43A;&#x43E;</subfield>
  </datafield>
  <datafield tag="205" ind1=" " ind2=" ">
    <subfield code="a">[&#x41F;&#x43E;&#x43B;&#x43D;&#x430;&#x44F; &#x432;&#x435;&#x440;&#x441;&#x438;&#x44F;</subfield>
    <subfield code="b">&#x431;&#x435;&#x437; &#x446;&#x435;&#x43D;&#x437;&#x443;&#x440;&#x44B; &#x438; &#x441;&#x442;&#x440;&#x430;&#x445;&#x430;]</subfield>
  </datafield>
  <datafield tag="210" ind1=" " ind2=" ">
    <subfield code="a">&#x41C;&#x43E;&#x441;&#x43A;&#x432;&#x430;</subfield>
    <subfield code="c">&#x41A;&#x43E;&#x43B;&#x438;&#x431;&#x440;&#x438;</subfield>
    <subfield code="d">2008</subfield>
  </datafield>
  <datafield tag="215" ind1=" " ind2=" ">
    <subfield code="a">253, [1] &#x441;.</subfield>
    <subfield code="d">19</subfield>
  </datafield>
  <datafield tag="300" ind1=" " ind2=" ">
    <subfield code="a">&#x41F;&#x43E; &#x43C;&#x43E;&#x442;&#x438;&#x432;&#x430;&#x43C; &#x444;&#x438;&#x43B;&#x44C;&#x43C;&#x430; "&#x414;&#x43E;&#x43C;&#x43E;&#x432;&#x43E;&#x439;" (&#x440;&#x435;&#x436;. &#x41A;&#x430;&#x440;&#x435;&#x43D; &#x41E;&#x433;&#x430;&#x43D;&#x435;&#x441;&#x44F;&#x43D;, &#x430;&#x432;&#x442;. &#x441;&#x446;&#x435;&#x43D;&#x430;&#x440;&#x438;&#x44F; &#x41E;&#x43B;&#x435;&#x433; &#x41C;&#x430;&#x43B;&#x43E;&#x432;&#x438;&#x447;&#x435;&#x43D;&#x43A;&#x43E; &#x438; &#x421;&#x435;&#x440;&#x433;&#x435;&#x439; &#x42E;&#x434;&#x430;&#x43A;&#x43E;&#x432;)</subfield>
  </datafield>
  <datafield tag="686" ind1=" " ind2=" ">
    <subfield code="a">&#x428;6(2=&#x420;)75-446</subfield>
  </datafield>
  <datafield tag="700" ind1=" " ind2="1">
    <subfield code="a">&#x41F;&#x440;&#x430;&#x447;&#x435;&#x43D;&#x43A;&#x43E;</subfield>
    <subfield code="b">&#x410;.</subfield>
    <subfield code="g">&#x410;&#x43D;&#x442;&#x43E;&#x43D;</subfield>
    <subfield code="4">070</subfield>
  </datafield>
  <datafield tag="801" ind1=" " ind2="0">
    <subfield code="a">RU</subfield>
    <subfield code="b">NLR</subfield>
    <subfield code="c">20090116</subfield>
    <subfield code="g">RCR</subfield>
  </datafield>
  <datafield tag="801" ind1=" " ind2="1">
    <subfield code="a">RU</subfield>
    <subfield code="b">NLR</subfield>
    <subfield code="c">20090116</subfield>
  </datafield>
  <datafield tag="942" ind1=" " ind2=" ">
    <subfield code="c">BOOK</subfield>
  </datafield>
  <datafield tag="980" ind1=" " ind2=" ">
    <subfield code="a">NB</subfield>
  </datafield>
  <datafield tag="995" ind1=" " ind2=" ">
    <subfield code="5">2009-01-16</subfield>
    <subfield code="a">ad</subfield>
    <subfield code="b">NLR01</subfield>
    <subfield code="c">NLR01</subfield>
    <subfield code="e">RF9</subfield>
    <subfield code="f">2829974</subfield>
    <subfield code="k">2009-3/652</subfield>
    <subfield code="o">0</subfield>
    <subfield code="r">BOOK</subfield>
    <subfield code="s">20093652_</subfield>
  </datafield>
  <datafield tag="995" ind1=" " ind2=" ">
    <subfield code="5">2009-01-16</subfield>
    <subfield code="a">ad</subfield>
    <subfield code="b">NLR01</subfield>
    <subfield code="c">NLR01</subfield>
    <subfield code="e">RF9</subfield>
    <subfield code="f">2829975</subfield>
    <subfield code="k">2009-3/652</subfield>
    <subfield code="o">0</subfield>
    <subfield code="r">BOOK</subfield>
    <subfield code="s">20093652_</subfield>
  </datafield>
</record>
